| 000 | 00722nam a22001937a 4500 | ||
|---|---|---|---|
| 005 | 20251108173133.0 | ||
| 008 | 250721s2003 xx 000 0 ara d | ||
| 082 | 1 | 4 | _a610.6/بوا |
| 100 | 1 | _aبواعنة، عبدالمهدي | |
| 245 | 1 | 0 | _aمدخل الى إدارة الخدمات والمؤسسات الصحية مفاهيم ،نظريات ،وأساسيات في الإدارة الصحية / |
| 246 | 1 | 1 | _aIntroduction to Heaith SERVICES MANAGEMENT |
| 264 | 1 |
_aعمان : _bدار الحامد للنشر، _c2003. |
|
| 300 | _a222ص. | ||
| 650 | 1 | 7 | _aالخدمات الصحية |
| 650 | 1 | 7 | _aإدارة المستشفيات |
| 650 | 1 | 7 | _aالمرافق الصحية |
| 942 |
_2ddc _cBK |
||
| 999 |
_c96909 _d96909 |
||